Mas de cien años de desencuentros con chile (recorte de diario) /

Guardado en:
Formato: Libro
Publicado: : , 0
Materias:
Fc
Etiquetas: Agregar Etiqueta
Sin Etiquetas, Sea el primero en etiquetar este registro!
LEADER 00650nam a22001935a 4500
001 CEM.cems007750
005 20060214000000.0
008 130507b######################000#0#####d
003 CEMS
082 0 4 |a F320.1 
245 0 0 |a Mas de cien años de desencuentros con chile (recorte de diario) / 
260 |a  :  |b , 0 
653 |a Argentina-geopolitica 
653 |a Fc 
653 |a Limites 
859 |a CEMS  |b BIB. CEMS - 11 de abril  |h F320.1  |i 3  |p 130.44  |t Ej.1 
859 |a CEMS  |b BIB. CEMS - 11 de abril  |h F320.1  |i 3  |p 131.44  |t Ej.2 
859 |a CEMS  |b BIB. CEMS - 11 de abril  |h F320.1  |i 3  |p 132.44  |t Ej.3 
859 |a CEMS  |b BIB. CEMS - 11 de abril  |h F320.1  |i 3  |p 133.44  |t Ej.4